000
00239nam a2200097Ia 4500
008
240331s9999 xx 000 0 und d
082
_a
302.234
_b
CIN
100
_a
PuttiyaKalacharam. ed
245
0
_a
Cinema :
_b
thirai villagum pothu
942
_c
L
999
_c
1279
_d
1279